Macro-economic market regulation
Salvato in:
| Autore principale: | |
|---|---|
| Natura: | Libro |
| Lingua: | inglese |
| Pubblicazione: |
London
Heinemann
1974
|
| Tags: |
Nessun Tag, puoi essere il primo ad aggiungerne!!
|
MARC
| LEADER | 00000nam a2200000 4500 | ||
|---|---|---|---|
| 001 | c109326 | ||
| 005 | 20041019155143.8 | ||
| 041 | 0 | |a eng | |
| 044 | |a GB | ||
| 245 | 1 | 0 | |a Macro-economic market regulation |c A.R. Heesterman |
| 264 | 1 | |a London |b Heinemann |c 1974 | |
| 300 | |a 256 s. | ||
| 100 | 1 | |a Heesterman, A.R. | |